| 000 | 00419nam a2200181Ia 4500 | ||
|---|---|---|---|
| 001 | 8179 | ||
| 005 | 20260306160550.0 | ||
| 008 | 260306t2005||||xx |||||||||||||| ||spa|| | ||
| 041 | _aESP | ||
| 082 |
_a370.117 _bG24 |
||
| 100 |
_aGarcía Pastor, Carmen _eAUT |
||
| 245 | 0 | _aEducación y diversidad | |
| 260 | _c2005 | ||
| 300 |
_a251 páginas : _ccm. |
||
| 650 | _aGEN | ||
| 654 | _aCED | ||
| 942 |
_cLIB _dJUS _fJUS _2ddc _n |
||
| 999 |
_c8179 _d8179 |
||